[Event "Gran Canaria-ch (Women)"]
[Site "Las Palmas"]
[Date "2013.06.22"]
[Round "6.3"]
[White "Gonzalez Perez, Cristina"]
[Black "Quiza Vazquez, Carolina"]
[Result "1-0"]
[WhiteElo "1812"]
[BlackElo "1684"]
[PlyCount "41"]
[EventDate "2013.06.21"]
[EventType "swiss"]
[EventRounds "7"]
[EventCountry "ESP"]
[SourceTitle "EXT 2024"]
[Source "ChessBase"]
[SourceDate "2023.10.10"]
[SourceVersion "1"]
[SourceVersionDate "2023.10.10"]
[SourceQuality "1"]

1. e4 c6 2. Nf3 d5 3. Nc3 e6 4. d4 Nd7 5. Bd3 dxe4 6. Nxe4 Ngf6 7. 0-0 Be7 8. c3 0-0 9. Re1 c5 10. Bc2 b6 11. Qd3 Bb7 12. Nfg5 g6 13. Qh3 Re8 14. Nxf7 Qc7 15. Nh6+ Kg7 16. Ng5 Bd5 17. Nxe6+ Bxe6 18. Qxe6 Rf8 19. Qxe7+ Kh8 20. Bg5 Rad8 21. Bxf6+ 1-0

[Event "Gran Canaria-ch (Women)"]
[Site "Las Palmas"]
[Date "2013.06.22"]
[Round "3.1"]
[White "Gonzalez Perez, Cristina"]
[Black "Sanabria Taskila, Jenny Maria"]
[Result "1-0"]
[WhiteElo "1812"]
[BlackElo "1300"]
[PlyCount "33"]
[EventDate "2013.06.21"]
[EventType "swiss"]
[EventRounds "7"]
[EventCountry "ESP"]
[SourceTitle "EXT 2024"]
[Source "ChessBase"]
[SourceDate "2023.10.10"]
[SourceVersion "1"]
[SourceVersionDate "2023.10.10"]
[SourceQuality "1"]

1. e4 c5 2. Nc3 d6 3. d3 Nf6 4. g3 g6 5. Be3 Bg7 6. Qd2 0-0 7. Bh6 Nc6 8. h4 Qb6 9. 0-0-0 Rb8 10. Nge2 Qa6 11. h5 Nxh5 12. Rxh5 Bg4 13. Rh2 Nd4 14. Bxg7 Nxe2+ 15. Bxe2 Bxe2 16. Bxf8 Bxd1 17. Qh6 1-0

[Event "Las Palmas Insular-chT Pref"]
[Site "Las Palmas"]
[Date "2012.12.01"]
[Round "3.3"]
[White "Natalicchio Escalante, Ricardo Nicolas"]
[Black "Gonzalez Perez, Cristina"]
[Result "1-0"]
[WhiteElo "2195"]
[BlackElo "1826"]
[PlyCount "39"]
[EventDate "2012.11.10"]
[EventType "team-tourn"]
[EventRounds "14"]
[EventCountry "ESP"]
[SourceTitle "EXT 2014"]
[Source "ChessBase"]
[SourceDate "2013.11.20"]
[SourceVersion "1"]
[SourceVersionDate "2013.11.20"]
[SourceQuality "1"]
[WhiteTeam "Hispafrica"]
[BlackTeam "Grandama"]
[WhiteTeamCountry "ESP"]
[BlackTeamCountry "ESP"]

1. d4 d5 2. c4 c6 3. Nf3 Nf6 4. Nc3 e6 5. e3 Nbd7 6. Bd3 dxc4 7. Bxc4 b5 8. Bd3 Be7 9. 0-0 0-0 10. e4 b4 11. Na4 c5 12. dxc5 Nxc5 13. Nxc5 Bxc5 14. e5 Nd7 15. Bxh7+ Kh8 16. Be4 Rb8 17. Bf4 Ba6 18. Ng5 g6 19. Qg4 Kg7 20. Nxe6+ 1-0

[Event "ESP-ch 77th"]
[Site "San Agustin"]
[Date "2012.10.06"]
[Round "8"]
[White "Alvarez Pedrosa, Valeriano"]
[Black "Gonzalez Perez, Cristina"]
[Result "1/2-1/2"]
[WhiteElo "1947"]
[BlackElo "1802"]
[PlyCount "87"]
[EventDate "2012.09.29"]
[EventType "swiss"]
[EventRounds "9"]
[EventCountry "ESP"]
[SourceTitle "EXT 2014"]
[Source "ChessBase"]
[SourceDate "2013.11.20"]
[SourceVersion "1"]
[SourceVersionDate "2013.11.20"]
[SourceQuality "1"]

1. e4 d6 2. Nc3 Nf6 3. Nf3 g6 4. d4 Bg7 5. Bg5 0-0 6. Qd2 c6 7. Be2 Nbd7 8. 0-0 e5 9. dxe5 dxe5 10. Rfe1 Qe7 11. Rad1 Nc5 12. Bf1 Bg4 13. Qe3 Ne6 14. Rd2 Bxf3 15. gxf3 Rad8 16. Red1 Rxd2 17. Rxd2 b6 18. a3 Rd8 19. Ne2 Nxg5 20. Qxg5 Rxd2 21. Qxd2 Nh5 22. Bh3 Bf8 23. Bg4 Qh4 24. Bxh5 Qxh5 25. Kg2 Qh4 26. Qd7 Qg5+ 27. Kf1 Qh5 28. Kg2 Qg5+ 29. Kf1 Qf6 30. Kg2 h5 31. h3 a5 32. a4 Bc5 33. b3 Kg7 34. Qd2 Qh4 35. Ng3 Qe7 36. Qc1 Ba3 37. Qd2 Qc5 38. Nxh5+ gxh5 39. Qg5+ Kf8 40. Qd8+ Kg7 41. Qg5+ Kh7 42. Qxh5+ Kg8 43. Qg5+ Kf8 44. Qd8+ 1/2-1/2

[Event "ESP-ch 77th"]
[Site "San Agustin"]
[Date "2012.10.05"]
[Round "7"]
[White "Gonzalez Perez, Cristina"]
[Black "Garcia Caballero, Luis"]
[Result "1-0"]
[WhiteElo "1802"]
[BlackElo "2034"]
[PlyCount "125"]
[EventDate "2012.09.29"]
[EventType "swiss"]
[EventRounds "9"]
[EventCountry "ESP"]
[SourceTitle "EXT 2014"]
[Source "ChessBase"]
[SourceDate "2013.11.20"]
[SourceVersion "1"]
[SourceVersionDate "2013.11.20"]
[SourceQuality "1"]

1. e4 e5 2. Nf3 Nf6 3. Nxe5 d6 4. Nf3 Nxe4 5. d4 d5 6. Bd3 Bg4 7. 0-0 Nc6 8. Re1 Be7 9. Bxe4 dxe4 10. Rxe4 f5 11. Re1 Bxf3 12. Qxf3 Nxd4 13. Qxb7 0-0 14. Qa6 Kh8 15. Qd3 Bd6 16. Nd2 Qf6 17. c3 Ne6 18. Nf3 Nc5 19. Qd4 Qg6 20. Bd2 Ne4 21. Re2 Bc5 22. Qc4 Qb6 23. Nd4 Qxb2 24. Nb3 Nxd2 25. Rxd2 Bxf2+ 26. Rxf2 Qa3 27. Rd1 Rae8 28. Qxc7 Re7 29. Qf4 h6 30. Rfd2 Re4 31. Qd6 Qxd6 32. Rxd6 Ra4 33. R1d2 Rc8 34. R6d4 Ra3 35. c4 a5 36. Rd8+ Rxd8 37. Rxd8+ Kh7 38. Rd2 a4 39. Na5 Rc3 40. Kf2 a3 41. Ke2 f4 42. Kd1 g5 43. Rc2 Rd3+ 44. Ke2 Re3+ 45. Kf2 Re7 46. c5 Kg6 47. c6 Rc7 48. Rc3 Kf5 49. Rxa3 Ra7 50. Nc4 Rc7 51. Ra6 Ke4 52. Rb6 Kd5 53. Na5 Ra7 54. Rb5+ Kd6 55. Kf3 Re7 56. Rb7 Re3+ 57. Kg4 Re2 58. Rd7+ Ke6 59. Rd4 Rxg2+ 60. Kf3 Rxa2 61. c7 Ra3+ 62. Ke2 f3+ 63. Kf2 1-0

[Event "Canarias-ch (Women)"]
[Site "Las Palmas"]
[Date "2012.04.21"]
[Round "4"]
[White "Climent Benitez, Africa"]
[Black "Gonzalez Perez, Cristina"]
[Result "0-1"]
[WhiteElo "1372"]
[BlackElo "1784"]
[PlyCount "30"]
[EventDate "2012.04.20"]
[EventType "swiss"]
[EventRounds "6"]
[EventCountry "ESP"]
[SourceTitle "CBM 148 Extra"]
[Source "ChessBase"]
[SourceDate "2012.06.22"]
[SourceVersion "1"]
[SourceVersionDate "2012.06.22"]
[SourceQuality "1"]

1. e4 d6 2. d4 Nf6 3. Nc3 g6 4. Nf3 Bg7 5. Be3 c6 6. h3 0-0 7. Qd2 Nbd7 8. Bh6 e5 9. Bxg7 Kxg7 10. 0-0-0 Qa5 11. Bc4 b5 12. Be2 b4 13. Nb1 Qxa2 14. Qxb4 Rb8 15. Qc3 Nxe4 0-1

[Event "Canarias-ch (Women)"]
[Site "Las Palmas"]
[Date "2012.04.20"]
[Round "2"]
[White "Ruiz Macias, Anabel"]
[Black "Gonzalez Perez, Cristina"]
[Result "0-1"]
[WhiteElo "1423"]
[BlackElo "1784"]
[PlyCount "52"]
[EventDate "2012.04.20"]
[EventType "swiss"]
[EventRounds "6"]
[EventCountry "ESP"]
[SourceTitle "CBM 148 Extra"]
[Source "ChessBase"]
[SourceDate "2012.06.22"]
[SourceVersion "1"]
[SourceVersionDate "2012.06.22"]
[SourceQuality "1"]

1. e4 d6 2. d4 Nf6 3. Nc3 g6 4. Nf3 Bg7 5. Be3 c6 6. h3 0-0 7. Qd2 Nbd7 8. 0-0-0 b5 9. a3 a5 10. Nb1 Nxe4 11. Qd3 Nef6 12. Ne1 Nb6 13. Qd2 Nbd5 14. f3 Nxe3 15. Qxe3 Nd5 16. Qd2 Qb6 17. g4 b4 18. a4 b3 19. c4 Nb4 20. Na3 Bd7 21. h4 c5 22. dxc5 Qxc5 23. Kb1 Bxa4 24. h5 Nc2 25. Naxc2 bxc2+ 26. Nxc2 Rab8 0-1

[Event "Las Palmas Insular-chT Primera-B"]
[Site "Las Palmas"]
[Date "2012.03.10"]
[Round "12.4"]
[White "Gonzalez Perez, Cristina"]
[Black "Rodriguez Mellado, Antonio"]
[Result "1-0"]
[WhiteElo "1801"]
[BlackElo "1681"]
[PlyCount "79"]
[EventDate "2011.11.12"]
[EventType "team-tourn"]
[EventRounds "14"]
[EventCountry "ESP"]
[SourceTitle "EXT 2013"]
[Source "ChessBase"]
[SourceDate "2012.11.22"]
[SourceVersion "1"]
[SourceVersionDate "2012.11.22"]
[SourceQuality "1"]
[WhiteTeam "Grandama"]
[BlackTeam "Canarias de Vecindario II"]
[WhiteTeamCountry "ESP"]
[BlackTeamCountry "ESP"]

1. e4 e5 2. Nf3 Nc6 3. Bb5 a6 4. Bxc6 dxc6 5. 0-0 Bg4 6. h3 Bh5 7. g4 Bg6 8. Nxe5 Qe7 9. d4 0-0-0 10. Nc3 f6 11. Nxg6 hxg6 12. Qd3 Nh6 13. Bf4 f5 14. exf5 gxf5 15. g5 Nf7 16. Qxf5+ Qd7 17. Qxd7+ Rxd7 18. g6 Nd6 19. Kh2 Nf5 20. Rfe1 Bd6 21. Re4 Bxf4+ 22. Rxf4 Nxd4 23. Rd1 c5 24. Rd3 Rd6 25. Ne4 Rc6 26. c3 Ne6 27. Rf7 Rg8 28. Rf5 Rf8 29. Rdf3 Re8 30. h4 c4 31. h5 Rh8 32. Re3 Rb6 33. Re2 Nf8 34. Nc5 Kd8 35. Rd5+ Nd7 36. Nxd7 Rd6 37. Rxd6 cxd6 38. Nb6 Rxh5+ 39. Kg3 d5 40. Kg4 1-0

[Event "Las Palmas Insular-chT Primera-B"]
[Site "Las Palmas"]
[Date "2012.01.21"]
[Round "6.3"]
[White "Sanchez Montesdeoca, Isaac"]
[Black "Gonzalez Perez, Cristina"]
[Result "0-1"]
[WhiteElo "1791"]
[BlackElo "1801"]
[PlyCount "68"]
[EventDate "2011.11.12"]
[EventType "team-tourn"]
[EventRounds "14"]
[EventCountry "ESP"]
[SourceTitle "EXT 2013"]
[Source "ChessBase"]
[SourceDate "2012.11.22"]
[SourceVersion "1"]
[SourceVersionDate "2012.11.22"]
[SourceQuality "1"]
[WhiteTeam "Piscolabis Oleaje San Andres"]
[BlackTeam "Grandama"]
[WhiteTeamCountry "ESP"]
[BlackTeamCountry "ESP"]

1. Nf3 Nf6 2. g3 d5 3. Bg2 e6 4. c4 c6 5. 0-0 Be7 6. b3 0-0 7. Bb2 Nbd7 8. Qc2 b6 9. d3 Bb7 10. Nbd2 Rc8 11. Rad1 c5 12. e4 d4 13. e5 Ng4 14. Rde1 Qc7 15. Bc1 Bxf3 16. Nxf3 Ngxe5 17. Nxe5 Nxe5 18. Bf4 Bd6 19. Qe2 Nd7 20. Bg5 a6 21. Qg4 Ne5 22. Rxe5 Bxe5 23. Re1 Bd6 24. Bf6 g6 25. Qg5 Rfe8 26. Re4 Be7 27. h4 h6 28. Qe5 Bd6 29. Qxd6 Qxd6 30. Be5 Qe7 31. Rf4 b5 32. Be4 f5 33. Bg2 bxc4 34. g4 c3 0-1

[Event "Las Palmas Insular-chT Primera-B"]
[Site "Las Palmas"]
[Date "2011.11.12"]
[Round "1.4"]
[White "Garcia Vega, Gregorio Francisco"]
[Black "Gonzalez Perez, Cristina"]
[Result "0-1"]
[WhiteElo "1602"]
[BlackElo "1801"]
[PlyCount "96"]
[EventDate "2011.11.12"]
[EventType "team-tourn"]
[EventRounds "14"]
[EventCountry "ESP"]
[SourceTitle "EXT 2013"]
[Source "ChessBase"]
[SourceDate "2012.11.22"]
[SourceVersion "1"]
[SourceVersionDate "2012.11.22"]
[SourceQuality "1"]
[WhiteTeam "Club de Ajedrez Guea"]
[BlackTeam "Grandama"]
[WhiteTeamCountry "ESP"]
[BlackTeamCountry "ESP"]

1. e4 d6 2. d4 Nf6 3. Bd3 g6 4. Nf3 Bg7 5. c3 0-0 6. 0-0 Nbd7 7. Nbd2 e5 8. Re1 Qe7 9. Nf1 Re8 10. Ng3 Nf8 11. h3 N6d7 12. Be3 Ne6 13. Qd2 c6 14. Rad1 a5 15. b3 Rb8 16. Bb1 h5 17. d5 cxd5 18. Qxd5 Bf8 19. Qxa5 b6 20. Qa3 Bb7 21. Qc1 Rec8 22. Qd2 Ndc5 23. h4 Qc7 24. Ng5 Nxg5 25. Bxg5 Ne6 26. Rc1 Nxg5 27. hxg5 Be7 28. c4 Qd8 29. Rcd1 Rc6 30. Ne2 Bxg5 31. Qd3 Bh6 32. Nc3 Bf8 33. Nd5 Rc5 34. Qg3 Bxd5 35. exd5 Bg7 36. a4 Rc7 37. f4 exf4 38. Qxf4 Be5 39. Qf3 Qg5 40. Rd3 Re8 41. Rf1 Qh4 42. g3 Qh3 43. Rf2 Bxg3 44. Re2 Rxe2 45. Qxe2 Re7 46. Re3 Rxe3 47. Qxe3 Bh2+ 48. Kf2 Bg1+ 0-1

[Event "Canarias-ch (Women)"]
[Site "Tenerife"]
[Date "2011.06.10"]
[Round "3"]
[White "Perez Celis, Alba"]
[Black "Gonzalez Perez, Cristina"]
[Result "0-1"]
[WhiteElo "1823"]
[BlackElo "1691"]
[PlyCount "93"]
[EventDate "2011.06.08"]
[EventType "tourn"]
[EventRounds "7"]
[EventCountry "ESP"]
[SourceTitle "EXT 2013"]
[Source "ChessBase"]
[SourceDate "2012.11.22"]
[SourceVersion "1"]
[SourceVersionDate "2012.11.22"]
[SourceQuality "1"]

1. e4 d6 2. d4 Nf6 3. Nc3 g6 4. Bg5 Bg7 5. Qd2 h6 6. Bh4 g5 7. Bg3 Nh5 8. Be2 Nxg3 9. hxg3 Nc6 10. d5 Nd4 11. Bh5 Bd7 12. f4 c5 13. fxg5 hxg5 14. Qf2 Rf8 15. Nh3 Bxh3 16. gxh3 Qa5 17. 0-0 0-0-0 18. Bxf7 Rh8 19. Kg2 Kb8 20. Nd1 Qa4 21. b3 Qd7 22. Rh1 Nxc2 23. Be6 Qb5 24. Rc1 Nb4 25. a4 Qd3 26. Qe3 Bd4 27. Qxd3 Nxd3 28. Rc2 Rhf8 29. Re2 Nc1 30. Ree1 Nxb3 31. Ne3 Bxe3 32. Rxe3 Nd4 33. Bg4 Rd7 34. Bh5 Rf6 35. e5 Rf5 36. Rhe1 Nc2 37. exd6 Nxe1+ 38. Rxe1 exd6 39. Bf3 Rf8 40. Re3 Kc7 41. a5 Rff7 42. h4 gxh4 43. gxh4 b5 44. axb6+ axb6 45. h5 b5 46. Kg3 c4 47. Kh4 0-1

[Event "Canarias-ch (Women)"]
[Site "Tenerife"]
[Date "2011.06.08"]
[Round "1"]
[White "Perez Castellano, Susana"]
[Black "Gonzalez Perez, Cristina"]
[Result "0-1"]
[WhiteElo "1807"]
[BlackElo "1691"]
[PlyCount "80"]
[EventDate "2011.06.08"]
[EventType "tourn"]
[EventRounds "7"]
[EventCountry "ESP"]
[SourceTitle "EXT 2013"]
[Source "ChessBase"]
[SourceDate "2012.11.22"]
[SourceVersion "1"]
[SourceVersionDate "2012.11.22"]
[SourceQuality "1"]

1. e4 d6 2. d4 Nf6 3. Nc3 g6 4. Bg5 Bg7 5. Qd2 h6 6. Bh4 g5 7. Bg3 Nh5 8. 0-0-0 c6 9. Nge2 Nd7 10. h4 g4 11. f3 Nxg3 12. Nxg3 Nf6 13. f4 h5 14. Kb1 b5 15. Bd3 a6 16. e5 Nd5 17. Nce4 dxe5 18. dxe5 Qb6 19. Rhe1 a5 20. Ng5 Bh6 21. e6 Bxe6 22. Nxe6 fxe6 23. Bg6+ Kd7 24. Bf7 Kc7 25. Bxe6 Bxf4 26. Qd3 Rad8 27. Qa3 b4 28. Qb3 a4 29. Qc4 Bxg3 30. Bxd5 Bxe1 31. Qf4+ Kb7 32. Rxe1 Rxd5 33. Rxe7+ Ka6 34. Qf1+ Qb5 35. Qg1 Qc5 36. Qf1+ Kb6 37. Re1 Rhd8 38. Rc1 a3 39. c4 bxc3 40. Qe2 c2+ 0-1

[Event "Gran Canaria-ch (Women)"]
[Site "Las Palmas"]
[Date "2011.04.15"]
[Round "6.1"]
[White "Perez Castellano, Susana"]
[Black "Gonzalez Perez, Cristina"]
[Result "1-0"]
[WhiteElo "1795"]
[BlackElo "1691"]
[PlyCount "55"]
[EventDate "2011.04.11"]
[EventType "tourn"]
[EventRounds "6"]
[EventCountry "ESP"]
[SourceTitle "EXT 2024"]
[Source "ChessBase"]
[SourceDate "2023.10.10"]
[SourceVersion "1"]
[SourceVersionDate "2023.10.10"]
[SourceQuality "1"]

1. e4 d6 2. d4 Nf6 3. Nc3 g6 4. Bg5 Nbd7 5. f4 Nb6 6. Qd2 Bg7 7. 0-0-0 d5 8. Bxf6 Bxf6 9. e5 Bg7 10. h4 Bg4 11. Re1 Qd7 12. Nh3 0-0-0 13. Nf2 h5 14. Kb1 Kb8 15. b3 Bf5 16. Nd3 Qc8 17. Nc5 Nd7 18. N3a4 f6 19. Qb4 Nb6 20. Nc3 fxe5 21. fxe5 Bh6 22. Nb5 Ka8 23. a4 Nd7 24. Qa5 a6 25. Nxc7+ Ka7 26. N5xa6 Bd2 27. Nb5+ Ka8 28. Nac7+ 1-0

[Event "Gran Canaria-ch (Women)"]
[Site "Las Palmas"]
[Date "2011.04.13"]
[Round "3.1"]
[White "Gonzalez Perez, Cristina"]
[Black "Perez Castellano, Susana"]
[Result "1-0"]
[WhiteElo "1691"]
[BlackElo "1795"]
[PlyCount "83"]
[EventDate "2011.04.11"]
[EventType "tourn"]
[EventRounds "6"]
[EventCountry "ESP"]
[SourceTitle "EXT 2024"]
[Source "ChessBase"]
[SourceDate "2023.10.10"]
[SourceVersion "1"]
[SourceVersionDate "2023.10.10"]
[SourceQuality "1"]

1. e4 e5 2. Nf3 Nc6 3. Bb5 a6 4. Bxc6 dxc6 5. 0-0 f6 6. d4 Bg4 7. dxe5 Qxd1 8. Rxd1 fxe5 9. Be3 Bd6 10. Nbd2 Nf6 11. h3 Bh5 12. Re1 Bxf3 13. gxf3 0-0-0 14. Rad1 g5 15. Kh2 h6 16. Nf1 Nh5 17. Bc1 Rhf8 18. Kg2 Nf4+ 19. Kh2 Nh5 20. Kg2 Rf7 21. Ne3 Nf4+ 22. Kg3 Nh5+ 23. Kg2 Nf4+ 24. Kg3 h5 25. b3 Ne6 26. c3 Ng7 27. Nc4 Ne6 28. Ne3 Nf4 29. Bb2 Rfd7 30. Bc1 Bf8 31. Rxd7 Rxd7 32. Bb2 Nd3 33. Re2 Bc5 34. Nf5 Nxb2 35. Rxb2 Rd1 36. h4 gxh4+ 37. Kxh4 Rh1+ 38. Kg5 Rh2 39. Kf6 Rxf2 40. Rxf2 Bxf2 41. Kg5 h4 42. Nxh4 1-0

[Event "Gran Canaria Cuadrangular 3rd"]
[Site "Gran Canaria"]
[Date "2010.12.11"]
[Round "2.4"]
[White "Cruz Pino, Adrian"]
[Black "Gonzalez Perez, Cristina"]
[Result "1-0"]
[WhiteElo "1892"]
[BlackElo "1689"]
[PlyCount "79"]
[EventDate "2010.12.10"]
[EventType "swiss"]
[EventRounds "3"]
[EventCountry "ESP"]
[SourceTitle "EXT 2024"]
[Source "ChessBase"]
[SourceDate "2023.10.10"]
[SourceVersion "1"]
[SourceVersionDate "2023.10.10"]
[SourceQuality "1"]
[WhiteTeam "Telde Los Llanos"]
[BlackTeam "Maspalomas"]
[WhiteTeamCountry "ESP"]
[BlackTeamCountry "ESP"]

1. e4 d6 2. d4 Nf6 3. Bd3 g6 4. c4 Bg7 5. Nc3 e5 6. d5 0-0 7. Nge2 Nh5 8. 0-0 Na6 9. Be3 Bd7 10. a3 Qc8 11. b4 f5 12. f3 f4 13. Bf2 Kh8 14. c5 Rg8 15. Rc1 Qd8 16. c6 Bc8 17. Qa4 Nb8 18. b5 g5 19. Kh1 Qe7 20. Na2 Nf6 21. cxb7 Bxb7 22. Nb4 g4 23. Nc6 Nxc6 24. bxc6 Bc8 25. Ba6 gxf3 26. gxf3 Bh3 27. Rg1 Qf7 28. Nc3 Qh5 29. Be2 a6 30. Nb1 h6 31. Nd2 Nh7 32. Qa5 Qf7 33. Rb1 Bc8 34. Rgc1 Ng5 35. Rb7 Bxb7 36. cxb7 Raf8 37. Qxc7 Qg6 38. Bf1 Rf7 39. b8Q Rxc7 40. Qxc7 1-0

[Event "Las Plamas Future Master B"]
[Site "Las Palmas"]
[Date "2010.10.01"]
[Round "3.3"]
[White "Gonzalez Perez, Cristina"]
[Black "Ramirez Maillo, Juan Adonay"]
[Result "1-0"]
[WhiteElo "1709"]
[BlackElo "1422"]
[PlyCount "43"]
[EventDate "2010.09.24"]
[EventType "tourn"]
[EventRounds "7"]
[EventCountry "ESP"]
[SourceTitle "EXT 2024"]
[Source "ChessBase"]
[SourceDate "2023.10.10"]
[SourceVersion "1"]
[SourceVersionDate "2023.10.10"]
[SourceQuality "1"]

1. e4 c5 2. c3 d5 3. exd5 Qxd5 4. d4 Bf5 5. Nf3 e6 6. Bf4 Nc6 7. Be2 0-0-0 8. 0-0 cxd4 9. cxd4 Nxd4 10. Qc1+ Bc5 11. Nxd4 Bxb1 12. Rxb1 e5 13. Nb3 exf4 14. Bf3 Qf5 15. Nxc5 Kb8 16. Qc3 Nf6 17. Qb3 b6 18. Na6+ Kc8 19. Rbc1+ Kd7 20. Rc7+ Kd6 21. Rd1+ Ke5 22. Re7+ 1-0

[Event "Gran Canaria-ch (Women)"]
[Site "Las Palmas"]
[Date "2010.05.22"]
[Round "3"]
[White "Gonzalez Perez, Cristina"]
[Black "Morales Hengmith, Chantal"]
[Result "1-0"]
[WhiteElo "1728"]
[BlackElo "1573"]
[PlyCount "43"]
[EventDate "2010.05.21"]
[EventType "swiss"]
[EventRounds "5"]
[EventCountry "ESP"]
[SourceTitle "EXT 2024"]
[Source "ChessBase"]
[SourceDate "2023.10.10"]
[SourceVersion "1"]
[SourceVersionDate "2023.10.10"]
[SourceQuality "1"]

1. e4 g6 2. d4 d6 3. Nc3 Bg7 4. f4 Nd7 5. Nf3 c5 6. Be2 cxd4 7. Nxd4 Ngf6 8. 0-0 0-0 9. Kh1 Qb6 10. Nf3 a6 11. f5 Ng4 12. Qe1 Qc7 13. fxg6 hxg6 14. Qh4 Ngf6 15. Ng5 e6 16. e5 dxe5 17. Nce4 Rd8 18. Be3 Qc6 19. Nxf6+ Nxf6 20. Rxf6 Rd7 21. Qh7+ Kf8 22. Nxe6+ 1-0

[Event "La Laguna op 4th"]
[Site "La Laguna"]
[Date "2010.04.11"]
[Round "9"]
[White "Gonzalez Perez, Cristina"]
[Black "Febles Dominguez, Alfonso Jesus"]
[Result "1-0"]
[WhiteElo "1742"]
[BlackElo "1526"]
[PlyCount "133"]
[EventDate "2010.04.05"]
[EventType "swiss"]
[EventRounds "9"]
[EventCountry "ESP"]
[SourceTitle "CBM 135 Extra"]
[Source "ChessBase"]
[SourceDate "2010.05.04"]
[SourceVersion "1"]
[SourceVersionDate "2010.05.04"]
[SourceQuality "1"]

1. e4 e5 2. Nf3 Nc6 3. Bb5 f5 4. Nc3 Nf6 5. d3 Bb4 6. 0-0 d6 7. Bg5 Bxc3 8. bxc3 f4 9. d4 Bd7 10. Re1 Qe7 11. Rb1 h6 12. Bxf6 Qxf6 13. d5 Na5 14. Bxd7+ Kxd7 15. Qd3 a6 16. c4 b6 17. Qc3 Nb7 18. a4 a5 19. Qb3 Nc5 20. Qb5+ Ke7 21. Qc6 Rac8 22. Nd2 Qg6 23. Nf3 Qh7 24. Nd2 g5 25. Ra1 g4 26. Ra3 h5 27. h3 f3 28. g3 Rhf8 29. h4 Na6 30. c3 Nc5 31. Qb5 Qh6 32. Nf1 Qg6 33. Qb1 Qe8 34. Qc2 Qg6 35. Qb1 Qe8 36. Qc2 Qg6 37. Qd2 Rf6 38. Qc2 Rcf8 39. Nd2 Rc8 40. Raa1 Qe8 41. Nf1 c6 42. Ne3 Kd7 43. dxc6+ Rxc6 44. Nd5 Rh6 45. Rab1 Qd8 46. Rb2 Ne6 47. Qd3 Nc5 48. Qc2 Ke6 49. Reb1 Nd7 50. Qd2 Rg6 51. Ne3 Qa8 52. Qd5+ Kf6 53. Qd2 Kf7 54. Qd5+ Kf8 55. Qd2 Qa7 56. Qd5 Rc5 57. Qd3 Qc7 58. Rb5 Ke8 59. Nd5 Qc6 60. Ne3 Rxb5 61. cxb5 Qc7 62. Nd5 Qd8 63. Ne3 Nc5 64. Qc4 Qf6 65. Rd1 Qf7 66. Qxf7+ Kxf7 67. Nd5 1-0

[Event "La Laguna op 4th"]
[Site "La Laguna"]
[Date "2010.04.07"]
[Round "4"]
[White "Gonzalez Perez, Cristina"]
[Black "Rodriguez Lapetra, Pablo"]
[Result "1-0"]
[WhiteElo "1742"]
[BlackElo "2105"]
[PlyCount "99"]
[EventDate "2010.04.05"]
[EventType "swiss"]
[EventRounds "9"]
[EventCountry "ESP"]
[SourceTitle "CBM 135 Extra"]
[Source "ChessBase"]
[SourceDate "2010.05.04"]
[SourceVersion "1"]
[SourceVersionDate "2010.05.04"]
[SourceQuality "1"]

1. e4 e5 2. Nf3 Nc6 3. Bb5 a6 4. Bxc6 dxc6 5. 0-0 Bd6 6. d4 Qe7 7. dxe5 Bxe5 8. Nxe5 Qxe5 9. Nc3 Nf6 10. Re1 0-0 11. f3 Re8 12. Be3 Qe7 13. Qd4 Be6 14. Qc5 Qxc5 15. Bxc5 Rad8 16. Rad1 b6 17. Be3 b5 18. b3 Nd7 19. Ne2 a5 20. Nd4 Nb8 21. Bf4 Rd7 22. Nxe6 Rxe6 23. Rxd7 Nxd7 24. Bxc7 h6 25. Bxa5 c5 26. Rd1 Ne5 27. Bc7 Ng6 28. Rd5 Rc6 29. Bg3 Ne7 30. Rd6 Rc8 31. Rb6 b4 32. Rb8 Rxb8 33. Bxb8 Nc6 34. Bd6 Nd4 35. Bxc5 Nxc2 36. Kf2 f6 37. Ke2 Na3 38. Bxb4 Nb5 39. Kd3 Kf7 40. Kc4 Nc7 41. a4 Ke6 42. Kc5 Kd7 43. a5 g6 44. Kb6 Na8+ 45. Kb7 Nc7 46. a6 f5 47. a7 fxe4 48. fxe4 Kd8 49. Be7+ Kd7 50. e5 1-0

[Event "Gran Canaria-ch U18"]
[Site "Gran Canaria"]
[Date "2010.03.08"]
[Round "5"]
[White "Gonzalez Perez, Cristina"]
[Black "Ruiz Ortega, Guillermo"]
[Result "0-1"]
[WhiteElo "1742"]
[BlackElo "1853"]
[PlyCount "26"]
[EventDate "2010.02.22"]
[EventType "swiss"]
[EventRounds "6"]
[EventCountry "ESP"]
[SourceTitle "EXT 2024"]
[Source "ChessBase"]
[SourceDate "2023.10.10"]
[SourceVersion "1"]
[SourceVersionDate "2023.10.10"]
[SourceQuality "1"]

1. e4 c5 2. c3 g6 3. Nf3 Bg7 4. d4 cxd4 5. cxd4 d5 6. e5 Nc6 7. Nc3 Nh6 8. Bb5 0-0 9. 0-0 Bg4 10. h3 Bxf3 11. Qxf3 Nxd4 12. Qxd5 Qxd5 13. Nxd5 Nxb5 0-1

[Event "Gran Canaria-ch U18"]
[Site "Gran Canaria"]
[Date "2010.02.25"]
[Round "2"]
[White "Morales Hengmith, Chantal"]
[Black "Gonzalez Perez, Cristina"]
[Result "1-0"]
[WhiteElo "1619"]
[BlackElo "1742"]
[PlyCount "77"]
[EventDate "2010.02.22"]
[EventType "swiss"]
[EventRounds "6"]
[EventCountry "ESP"]
[SourceTitle "EXT 2024"]
[Source "ChessBase"]
[SourceDate "2023.10.10"]
[SourceVersion "1"]
[SourceVersionDate "2023.10.10"]
[SourceQuality "1"]

1. e4 d6 2. d4 Nf6 3. Bd3 g6 4. Nf3 Bg7 5. c3 c6 6. Nbd2 0-0 7. 0-0 Nbd7 8. Re1 e5 9. Qc2 Qe7 10. b4 Ne8 11. Bb2 Nc7 12. Rac1 Ne6 13. g3 a6 14. Nb3 Rd8 15. Rcd1 Ng5 16. Qe2 Nxf3+ 17. Qxf3 Nf6 18. Qe3 Bg4 19. f3 Bd7 20. c4 Re8 21. c5 exd4 22. Bxd4 Be6 23. cxd6 Qd7 24. Nc5 Qc8 25. Qg5 h6 26. Qe3 Nd7 27. Bxg7 Kxg7 28. Qd4+ Kg8 29. Bc4 Bxc4 30. Qxc4 Ne5 31. Qc3 Nd7 32. e5 b6 33. Na4 Rb8 34. Rc1 c5 35. bxc5 bxc5 36. Nxc5 Qc6 37. Nxd7 Qxd7 38. Qc7 Qb5 39. Rb1 1-0